| 000 | 01579nmm a2200325 a 4500 | ||
|---|---|---|---|
| 003 | CO-CtgCURN | ||
| 005 | 20250329165433.0 | ||
| 007 | co cga---uuuuu | ||
| 008 | 160531s2016 i eng d | ||
| 040 |
_aCO-CtgCURN _bspa _ccoctgcurn |
||
| 082 | 0 |
_aENF 2016 _bC387 |
|
| 100 | 1 | _aCeballos Barroso, Gilma. | |
| 245 | 1 | 0 |
_aCalidad de vida en pacientes con dialisis peritoneal de una unidad de terapia renal, Cartagena 2015 _h[electronic resource] / _cGilma Ceballos Barroso; Cindy Flórez Berrio; Didier Narváez Sánchez; Vanesa Masco Mier; asesor, Zorayda Barrios Puerta. |
| 260 |
_aCartagena de Indias : _bCorporación Universitaria Rafael Núñez, _c2016. |
||
| 300 |
_a1 CD-Rom : _btablas, graficas, formas y formularios. |
||
| 336 | _2rdacontent | ||
| 337 |
_2rdamedia _asin mediacion _bn |
||
| 338 |
_2rdacarrier _avolumen _bnc |
||
| 502 | _aTrabajo de grado (Enfermera (o)). Corporacion Universitaria Rafael Nuñez. Facultad de Ciencias de la Salud. Programa de Enfermeria, 2016. | ||
| 504 | _aIncluye bibliografia. | ||
| 590 | _aEnfemeria | ||
| 650 | 0 |
_aEnfermeria _vTesis y disertaciones academicas. |
|
| 700 | 1 | _aFlorez Berrio, Cindy. | |
| 700 | 1 | _aNarvaez Sanchez, Didier. | |
| 700 | 1 | _aMasco Mier, Vanesa. | |
| 700 | 1 |
_aBarrios Puerta, Zorayda, _easesor. |
|
| 856 | 7 |
_uhttps://unicurn.sharepoint.com/:b:/s/biblioteca/EY96GkJqhPRDlJfSyjjF9gMBnJDrjXHxSBB634s-ewrd6w?e=VhwLF7 _zClick aqui para ver el recurso en texto completo |
|
| 942 |
_hENF 2016 _iC387 _2ddc _cTG |
||
| 999 |
_c3946 _d3946 |
||